<?xml version="1.0" encoding="UTF-8"?><?xml-stylesheet type="text/xsl" href="static/style.xsl"?><OAI-PMH xmlns="http://www.openarchives.org/OAI/2.0/" xmlns:xsi="http://www.w3.org/2001/XMLSchema-instance" xsi:schemaLocation="http://www.openarchives.org/OAI/2.0/ http://www.openarchives.org/OAI/2.0/OAI-PMH.xsd"><responseDate>2026-06-01T04:35:45Z</responseDate><request verb="GetRecord" identifier="oai:riuma.uma.es:10630/33885" metadataPrefix="marc">https://riuma.uma.es/rest/oai/request</request><GetRecord><record><header><identifier>oai:riuma.uma.es:10630/33885</identifier><datestamp>2026-02-03T11:19:33Z</datestamp><setSpec>com_10630_2254</setSpec><setSpec>col_10630_37953</setSpec></header><metadata><record xmlns="http://www.loc.gov/MARC21/slim" xmlns:dcterms="http://purl.org/dc/terms/" xmlns:doc="http://www.lyncode.com/xoai" xmlns:xsi="http://www.w3.org/2001/XMLSchema-instance" xsi:schemaLocation="http://www.loc.gov/MARC21/slim http://www.loc.gov/standards/marcxml/schema/MARC21slim.xsd">
   <leader>00925njm 22002777a 4500</leader>
   <datafield ind2=" " ind1=" " tag="042">
      <subfield code="a">dc</subfield>
   </datafield>
   <datafield ind2=" " ind1=" " tag="720">
      <subfield code="a">Rando-Burgos, Esther</subfield>
      <subfield code="e">author</subfield>
   </datafield>
   <datafield ind2=" " ind1=" " tag="260">
      <subfield code="c">2018</subfield>
   </datafield>
   <datafield ind2=" " ind1=" " tag="520">
      <subfield code="a">Las recientes Sentencias del Tribunal Superior de Justicia de Andalucía que anulan el Plan de Protección del Corredor Litoral de Andalucía, tras dos años de vigencia y, nuevamente, los motivos de tales resoluciones judiciales, no desconocidos para esta Comunidad Autónoma que ya en 2015 se enfrentaba a la nulidad de otro de sus instrumentos de planificación territorial, el Plan de Ordenación del Territorio de la Costa del Sol Occidental de Málaga, hacen necesaria una nueva reflexión sobre la importancia que la tramitación y el estricto cumplimiento de las cuestiones formales en la aprobación de los instrumentos de planificación territorial tienen en la práctica jurídica.</subfield>
   </datafield>
   <datafield ind1="8" ind2=" " tag="024">
      <subfield code="a">Rando Burgos, E. (2018). La anulación del Plan de Protección del Corredor Litoral de Andalucía por el Tribunal Superior de Justicia de Andalucía: ¿nuevas dificultades en la planificación territorial de Andalucía?. Revista De Estudios De La Administración Local Y Autonómica, (10), 109–131. https://doi.org/10.24965/reala.v0i10.10518</subfield>
   </datafield>
   <datafield ind1="8" ind2=" " tag="024">
      <subfield code="a">https://hdl.handle.net/10630/33885</subfield>
   </datafield>
   <datafield ind1="8" ind2=" " tag="024">
      <subfield code="a">https://doi.org/10.24965/reala.v0i10.10518</subfield>
   </datafield>
   <datafield tag="653" ind2=" " ind1=" ">
      <subfield code="a">Ordenación del territorio</subfield>
   </datafield>
   <datafield ind2="0" ind1="0" tag="245">
      <subfield code="a">La anulación del Plan de Protección del Corredor Litoral de Andalucía por el Tribunal Superior de Justicia de Andalucía: ¿nuevas dificultades en la planificación territorial de Andalucía?</subfield>
   </datafield>
</record>
</metadata></record></GetRecord></OAI-PMH>